Tax Collision: the Effect of Vat and Excise Duties on the Retail Price of Unleaded Gasoline

Vplyv uvaľovania dane z pridanej hodnoty na maloobchodnú cenu zahŕňujúcu spotrebnú daň bezolovnatého benzínu v krajinách Európskej únie.

Gespeichert in:
Bibliographische Detailangaben
1. Verfasser: Dobranschi, Marian
Weitere Verfasser: Nerudová, Danuše
Format: Buchkapitel
Sprache:Englisch
Schlagworte:
Tags: Tag hinzufügen
Keine Tags, Fügen Sie das erste Tag hinzu!

MARC

LEADER 00000naa a2200000 4500
001 0246855
005 20221019095043.2
041 0 |a eng 
044 |a SK 
245 1 0 |a Tax Collision: the Effect of Vat and Excise Duties on the Retail Price of Unleaded Gasoline  |c Marian Dobranschi, Danuše Nerudová 
520 |a Vplyv uvaľovania dane z pridanej hodnoty na maloobchodnú cenu zahŕňujúcu spotrebnú daň bezolovnatého benzínu v krajinách Európskej únie. 
610 2 0 |a dane spotrebné 
610 2 0 |a clá 
610 2 0 |a Európska únia 
610 2 0 |a ceny maloobchodné 
610 2 0 |a benzín 
610 2 0 |a palivá 
610 2 0 |a zaťaženie daňové 
100 1 |a Dobranschi, Marian 
700 1 |a Nerudová, Danuše